| 000 | 01182nam a2200217Ia 4500 | ||
|---|---|---|---|
| 003 | Ost | ||
| 005 | 20260507075646.0 | ||
| 008 | 260507s9999||||xx |||||||||||||| ||und|| | ||
| 040 | _cfsecg | ||
| 041 | _aara | ||
| 082 | _a330.015195 | ||
| 100 |
_aفرحات، محمد لطفي _eمؤلف |
||
| 245 | 0 |
_aمبادئ الإقتصاد القياسي : _bقياس العلاقات الإقتصادية / _c محمد لطفي فرحات |
|
| 250 | _aطبعة 2 | ||
| 260 |
_aبنغازي: _bدار الجماهيرية للنشر والتوزيع, _c1986 |
||
| 300 |
_a255 صفحة؛ _bإيضاحات ؛ _c24 سم |
||
| 520 | _aالعلاقة بين متغيرين- تحليل الإنحدار البسيط- وصف العلاقات السلوكية وكيفية قياسها- استعمالات النموذج المقدر- بعض مشاكل تحليل الإنحدار- تحليل الإنحدار العام- بعض العلاقات الإقتصادية- مشاكل نموذج الإنحدار العام- فكرة عامة عن النماذج المركبة. | ||
| 653 | _aالإقتصاد القياسي | ||
| 653 | _aالعلاقات الإقتصادية | ||
| 942 | _cكتاب | ||
| 999 |
_c45487 _d45487 |
||